<?xml version="1.0" encoding="UTF-8"?>
<collection xmlns="http://www.loc.gov/MARC21/slim">
 <record>
  <leader>00824nam a2200157 a 4500</leader>
  <controlfield tag="001">1/47068</controlfield>
  <controlfield tag="008">170320s1955    gr            00010 gre  </controlfield>
  <datafield tag="035" ind1=" " ind2=" ">
   <subfield code="l">50047</subfield>
  </datafield>
  <datafield tag="040" ind1=" " ind2=" ">
   <subfield code="a">GR-PeUP</subfield>
  </datafield>
  <datafield tag="082" ind1="0" ind2="0">
   <subfield code="a">378 ΠΑΠ</subfield>
  </datafield>
  <datafield tag="100" ind1="1" ind2=" ">
   <subfield code="a">Παπαϊωάννου, Στράτος Κ.</subfield>
  </datafield>
  <datafield tag="245" ind1="1" ind2="0">
   <subfield code="a">Υπέρ της Α.Σ.Β.Σ. :</subfield>
   <subfield code="b">προγραμματικοί λόγοι υποθήκαι, παραινέσεις, οδηγίαι του Διευθυντού της Ανωτέρας Σχολής Βιομηχανικών Σπουδών κ. Στρ. Κ. Παπαϊωάννου.</subfield>
  </datafield>
  <datafield tag="260" ind1="0" ind2=" ">
   <subfield code="a">Αθήναι :</subfield>
   <subfield code="b">[χ.ο.],</subfield>
   <subfield code="c">[1955}.</subfield>
  </datafield>
  <datafield tag="300" ind1=" " ind2=" ">
   <subfield code="a">112 σ.</subfield>
   <subfield code="c">22 εκ.</subfield>
  </datafield>
  <datafield tag="610" ind1="2" ind2="4">
   <subfield code="a">Ανωτέρα Σχολή Βιομηχανικών Σπουδών.</subfield>
  </datafield>
  <datafield tag="852" ind1=" " ind2=" ">
   <subfield code="a">INST</subfield>
   <subfield code="b">UNIPILB</subfield>
   <subfield code="c">MAIN</subfield>
   <subfield code="e">20170320</subfield>
   <subfield code="h">378 ΠΑΠ</subfield>
   <subfield code="p">00177306</subfield>
   <subfield code="q">00177306</subfield>
   <subfield code="t">CLOCOL</subfield>
   <subfield code="y">23</subfield>
   <subfield code="4">1</subfield>
  </datafield>
 </record>
</collection>
